00240nam a2200085Ia 4500008004100000100002100041245003300062260004000095300001900135180205s9999 xx 000 0 und d aTolentino, Reyes aPhilippine national dances / aQuezon CitybKayumanggi pressc1990 aiii, 368 pages